[Event "Bayamo"]
[Site "Bayamo"]
[Date "1989.??.??"]
[Round "12"]
[White "Kharitonov, Andrei Y"]
[Black "Canda, Danilo"]
[Result "1-0"]
[WhiteElo "2520"]
[BlackElo "2340"]

1.d4 e6 2.Nf3 Nf6 3.g3 d5 4.Bg2 Be7 5.c4 O-O 6.O-O dxc4 7.Qc2 a6 8.Qxc4 b5
9.Qc2 Bb7 10.Bg5 Be4 11.Qc1 Nbd7 12.Nbd2 Bd5 13.Nb3 Bxb3 14.axb3 c5 15.Bxf6 gxf6
16.Rd1 Qb6 17.d5 Rad8 18.Qh6 Rfe8 19.e4 Bf8 20.Qh5 Bd6 21.Bh3 Nf8 22.dxe6 fxe6
23.e5 Be7 24.Qh6 Ng6 25.exf6 Bxf6 26.Ng5 Bxg5 27.Qxg5 Rd4 28.Qf6 Qd6 29.Rxd4 cxd4
30.Re1 Nf8 31.Re4 d3 32.Rd4 Qe7 33.Qxe7 Rxe7 34.Rxd3 Kf7 35.Rd6 Ra7 36.Rb6 Rd7
37.Rxa6 Rd3 38.Ra3 b4 39.Ra2  1-0

[Event "GMA-qual"]
[Site "Belgorod"]
[Date "1989.??.??"]
[Round "?"]
[White "Gorelov, Sergey G"]
[Black "Bagaturov, Giorgi"]
[Result "1/2-1/2"]
[WhiteElo "2455"]
[BlackElo "2365"]

1.Nf3 Nf6 2.c4 e6 3.g3 d5 4.Bg2 Be7 5.d4 O-O 6.O-O c6 7.Qc2 b6 8.b3 Bb7 9.Rd1 Nbd7
10.Nc3 Rc8 11.e4 c5 12.exd5 exd5 13.Bb2 Re8 14.cxd5 Nxd5 15.Nxd5 Bxd5 16.Qf5 Nf6
17.dxc5 Rxc5 18.Nh4 Bxg2 19.Rxd8 Rxd8 20.Qf4 Bh3 21.Rc1 Rcd5 22.Qf3 Rd2 23.Nf5 Bc5
24.Bxf6 Rxf2 25.Nh6+ gxh6 26.Qxf2  1/2-1/2

[Event "GMA-qual"]
[Site "Belgorod"]
[Date "1989.??.??"]
[Round "?"]
[White "Zilberstein, Valery I"]
[Black "Geller, Alexander G"]
[Result "1-0"]
[WhiteElo "2375"]
[BlackElo "2265"]

1.d4 d5 2.c4 e6 3.Nf3 Nf6 4.g3 Be7 5.Bg2 O-O 6.Qc2 c5 7.O-O cxd4 8.Nxd4 e5
9.Nf5 d4 10.Nxe7+ Qxe7 11.Bg5 Nc6 12.Nd2 h6 13.Bxf6 Qxf6 14.c5 Bf5 15.Qa4 Qe7
16.b4 a5 17.b5 Nb4 18.a3 Nc2 19.Rac1 d3 20.exd3 Nd4 21.Rfe1 Rad8 22.Nf3 Nxf3+
23.Bxf3 Rxd3 24.Bg2 Rc8 25.Qxa5 Rxc5 26.Qa8+ Kh7 27.Rxc5 Qxc5 28.Qxb7 Rxa3
29.Qxf7 Bg6 30.Qd5 Qc3 31.Rd1 Ra1 32.Bf1 Rxd1 33.Qxd1 e4 34.Qe2 Qb4 35.h3 Bf7
36.Kg2 Bd5 37.Qe3 Kg8 38.Be2 Kh8 39.Kh2 Qb2 40.b6 Bb7 41.Bc4 Qb4 42.Ba2 Qb2
43.Bc4 Qb4 44.Qd4 Qe1 45.Qd8+ Kh7 46.Qg8+ Kg6 47.Qe8+  1-0

[Event "Belgrade"]
[Site "Belgrade"]
[Date "1989.??.??"]
[Round "?"]
[White "Hjartarson, Johann"]
[Black "Short, Nigel D"]
[Result "0-1"]
[WhiteElo "2555"]
[BlackElo "2660"]

1.d4 e6 2.Nf3 Nf6 3.c4 d5 4.g3 Be7 5.Bg2 O-O 6.O-O dxc4 7.Qc2 a6 8.Qxc4 b5
9.Qc2 Bb7 10.Bd2 Nc6 11.e3 Ra7 12.e4 Qa8 13.Re1 Nb4 14.Qb3 a5 15.e5 Ne4 16.Bxb4 axb4
17.Qd3 c5 18.Qxb5 Rd8 19.Qe2 cxd4 20.Nfd2 d3 21.Qf1 Nc5 22.a3 h5 23.Rc1 Bxg2
24.Qxg2 Qb8 25.Re1 Rd5 26.f4 Ra6 27.Kh1 Rd8 28.Qf3 g6 29.Ra2 Qc7 30.Rc1 Qd7
31.Kg2 Qd4 32.b3 bxa3 33.Rc4 Qd5 34.Rxa3 Rxa3 35.Nxa3 Nxb3 36.Nxb3 d2 37.Nxd2 Qxd2+
38.Kh3 Qa2 39.Ra4 Rd2  0-1

[Event "Belgrade op"]
[Site "Belgrade"]
[Date "1989.??.??"]
[Round "7"]
[White "Tosic, Miroslav"]
[Black "Rabrenovic, Vladan"]
[Result "1/2-1/2"]
[WhiteElo "2375"]
[BlackElo "2270"]

1.d4 d5 2.Nf3 Nf6 3.c4 e6 4.g3 Be7 5.Bg2 O-O 6.O-O c5 7.dxc5 Bxc5 8.Nc3 Nc6
9.cxd5 exd5 10.Bg5 d4 11.Bxf6 Qxf6 12.Nd5 Qd8 13.Nf4 Re8 14.a3 a5 15.Qa4 Bb6
16.b4 Ne5 17.Rfd1 Bd7 18.b5 Rc8 19.Rac1 Rxc1 20.Rxc1 Nxf3+ 21.Bxf3 Re5 22.Bxb7 Bxb5
23.Qb3 a4 24.Qb2 Bd7 25.Rc4 Rb5 26.Rb4 Rxb4 27.Qxb4 Ba7 28.Qd6 Qe8 29.Bf3 h6
30.Kg2 Be6 31.Bc6 Bb8 32.Qxe6 Qxe6 33.Nxe6 fxe6 34.Bxa4 Bd6 35.Bb3 Bxa3 36.Bxe6+ Kf8
37.Kf3 Ke7 38.Bc4 Kf6 39.Ke4 Bc5 40.f4 g6 41.Kd5 Bb6 42.Kd6 Ba5 43.Kc5 Bc3
44.Bd3 Ba1 45.Kc4 Bb2 46.Kb3 Ba1 47.h4 h5 48.Kc4 Bc3 49.e4 Be1 50.e5+ Ke6
51.Kxd4 Bxg3 52.Ke3 Kf7 53.f5  1/2-1/2

[Event "Biel op"]
[Site "Biel"]
[Date "1989.??.??"]
[Round "2"]
[White "Dizdarevic, Emir"]
[Black "Gausel, Einar"]
[Result "1/2-1/2"]
[WhiteElo "2495"]
[BlackElo "2375"]

1.Nf3 d5 2.c4 e6 3.g3 Nf6 4.Bg2 Be7 5.d4 O-O 6.Qc2 c6 7.O-O Nbd7 8.Nbd2 b6
9.e4 Bb7 10.b3 Rc8 11.Bb2 c5 12.exd5 exd5 13.Rfd1 dxc4 14.Nxc4 Bxf3 15.Bxf3 cxd4
16.Qd2 b5 17.Na5 Qb6 18.Bxd4 Bc5 19.b4 Bxd4 20.Qxd4 Qxd4 21.Rxd4 Ne5 22.Be2 Rc2
23.Kf1 a6 24.h3 Re8 25.a4 bxa4 26.Bd1 Rb2 27.Bxa4 Rb8 28.Nc6 Nxc6 29.Bxc6 R2xb4
30.Rxb4 Rxb4 31.Rxa6 g6 32.Ra7 Rd4 33.Ke2 Kf8  1/2-1/2

[Event "Spring op"]
[Site "Budapest"]
[Date "1989.??.??"]
[Round "?"]
[White "Gorelov, Sergey G"]
[Black "Utasi, Tamas"]
[Result "1-0"]
[WhiteElo "2455"]
[BlackElo "2345"]

1.Nf3 Nf6 2.c4 e6 3.g3 d5 4.d4 Be7 5.Bg2 O-O 6.O-O dxc4 7.Qc2 a6 8.a4 Nbd7
9.Nbd2 c5 10.Nxc4 Nd5 11.Rd1 cxd4 12.Nxd4 Qc7 13.a5 Rd8 14.Nf5 Bf6 15.Nfe3 Nb4
16.Qb3 Nc6 17.Bxc6 Qxc6 18.Ng4 Be7 19.Bf4 Nf6 20.Nge5 Qe4 21.Nb6 g5 22.Bxg5 Qxe5
23.Bxf6 Rxd1+ 24.Rxd1 Bxf6 25.Nxa8 b5 26.Qf3  1-0

[Event "Cagnes op"]
[Site "Cagnes"]
[Date "1989.??.??"]
[Round "1"]
[White "Babault, Patrice"]
[Black "Merqui, Y."]
[Result "1-0"]
[WhiteElo "2300"]
[BlackElo "2205"]

1.d4 d5 2.c4 e6 3.Nf3 Nf6 4.g3 Be7 5.Bg2 O-O 6.O-O c6 7.Nbd2 Nbd7 8.Qc2 b6
9.e4 dxe4 10.Nxe4 Nxe4 11.Qxe4 Bb7 12.Rd1 Nf6 13.Qe2 Qc8 14.Ne5 Nd7 15.Bf4 Nxe5
16.Bxe5 Rd8 17.d5 Bd6 18.dxc6 Bxc6 19.Bxd6 Bxg2 20.Kxg2 Qc6+ 21.Qf3 Rxd6
22.Rxd6  1-0

[Event "Cappelle op"]
[Site "Cappelle"]
[Date "1989.??.??"]
[Round "?"]
[White "Bernei, Andras"]
[Black "Dunnington, Angus J"]
[Result "1/2-1/2"]
[WhiteElo "2395"]
[BlackElo "2280"]

1.Nf3 d5 2.d4 Nf6 3.c4 e6 4.g3 Be7 5.Bg2 O-O 6.O-O dxc4 7.Ne5 c5 8.dxc5 Qc7
9.Nxc4 Qxc5 10.Qb3 Nc6 11.Be3 Qh5 12.Nc3 e5 13.Nd5 Nxd5 14.Bxd5 Qxe2 15.f3 Nb4
16.Rf2 Qd3 17.Qxd3 Nxd3 18.Rd2 Nb4 19.Nxe5 Nxd5 20.Rxd5 Be6 21.Rd2 Rfd8 22.Rxd8+ Bxd8
23.b3 a6 24.Rc1 Rc8 25.Rxc8 Bxc8 26.Kf2 f6 27.Nd3 Kf7 28.Bd4 g5 29.Ke3 b6
30.Nb2 Ke6 31.Na4 b5 32.Nc5+ Kd5 33.Ne4 f5 34.Nf6+ Bxf6 35.Bxf6 g4 36.fxg4 fxg4
37.Bc3 Kc5 38.Kd2 Bf5 39.a3 Be6 40.Kc2 Bd7  1/2-1/2

[Event "Cattolica op"]
[Site "Cattolica"]
[Date "1989.??.??"]
[Round "?"]
[White "Wojtkiewicz, Aleksander"]
[Black "Stickler, Andreas"]
[Result "1/2-1/2"]
[WhiteElo "2460"]
[BlackElo "2235"]

1.Nf3 Nf6 2.c4 e6 3.g3 d5 4.d4 Be7 5.Bg2 O-O 6.O-O c5 7.dxc5 Nc6 8.a3 dxc4
9.Qc2 Qd5 10.Be3 Ng4 11.Bf4 Qxc5 12.Nbd2 e5 13.Ne4 Bf5 14.Bg5 Bxe4 15.Qxe4 f5
16.Bxe7 Nxe7 17.Qxb7 h6 18.b4 cxb3 19.Qxb3+ Kh7 20.h3 Rab8 21.Qa4 Nf6 22.Rac1 Qd6
23.Rfd1 Nfd5 24.e4 fxe4 25.Qxe4+ Kh8 26.Rd3 Rb2 27.Qxe5 Qxe5 28.Nxe5 Rfxf2
29.Bxd5 Nxd5 30.Rxd5 Rg2+ 31.Kf1 Rh2 32.Kg1 Rhg2+  1/2-1/2

[Event "Chanac op"]
[Site "Chanac"]
[Date "1989.??.??"]
[Round "?"]
[White "Miralles, Gilles"]
[Black "Sonntag, Hans Hubert"]
[Result "1/2-1/2"]
[WhiteElo "2445"]
[BlackElo "2265"]

1.c4 e6 2.g3 d5 3.Bg2 Nf6 4.Nf3 Be7 5.d4 O-O 6.O-O dxc4 7.Qc2 a6 8.Qxc4 b5
9.Qc2 Bb7 10.Bg5 Nbd7 11.Bxf6 Nxf6 12.Nbd2 Rc8 13.Nb3 Be4 14.Qc3 Bd5 15.Rfd1 c6
16.Ne5 Qb6 17.Qa5 Qa7 18.Rac1 Bxg2 19.Kxg2 c5 20.dxc5 Bxc5 21.Nxc5 Rxc5 22.Nc6 Rxc1
23.Nxa7 Rxd1 24.Qxa6 b4 25.Nc6 Rd2 26.Nxb4 Rxb2 27.Nc6 Nd5 28.a4 Rb6 29.Ne7+ Kh8
30.Qa7 Rbb8 31.Nc6 Ra8 32.Qc5 Rfc8 33.e4 Nf6 34.Qb5 Nxe4 35.a5 Nd6 36.Qb6 Nc4
37.Qb7 Nd6 38.Qd7 h6 39.a6 Rxa6 40.Ne7 Rf8 41.Nc6 Nc4 42.Qe7 Raa8 43.Qb4 Na3
44.Qb3 Rfc8 45.Ne5 Rc7 46.Qf3 Raa7 47.Qd3 Rc8 48.Qe3 Raa8 49.Qf3 f6  1/2-1/2

[Event "Copenhagen op"]
[Site "Copenhagen"]
[Date "1989.??.??"]
[Round "4"]
[White "Adamski, Jan"]
[Black "Haugli, Petter"]
[Result "1/2-1/2"]
[WhiteElo "2435"]
[BlackElo "2380"]

1.Nf3 d5 2.c4 e6 3.g3 Nf6 4.Bg2 Be7 5.d4 O-O 6.O-O dxc4 7.Na3 Bxa3 8.bxa3 Bd7
9.Ne5 Bc6 10.Nxc6 Nxc6 11.Bb2 Nd5 12.Rc1 c3 13.Bxc3 Nxc3 14.Rxc3 Qxd4 15.Qc2 Rfd8
16.Bxc6 bxc6 17.Rxc6 Rab8 18.e3 Qf6 19.Rxc7 Rb2 20.Qe4 g6  1/2-1/2

[Event "Copenhagen op"]
[Site "Copenhagen"]
[Date "1989.??.??"]
[Round "6"]
[White "Adamski, Jan"]
[Black "Agustsson, Johannes"]
[Result "1-0"]
[WhiteElo "2435"]
[BlackElo "2300"]

1.Nf3 Nf6 2.d4 e6 3.g3 d5 4.Bg2 Be7 5.c4 O-O 6.Qc2 Nbd7 7.O-O c5 8.cxd5 Nxd5
9.Nc3 Nb4 10.Qb3 cxd4 11.Nxd4 e5 12.Nf5 Nb6 13.Nxe7+ Qxe7 14.Bg5 Qxg5 15.Qxb4 Nd7
16.Nd5 a5 17.Qa3  1-0

[Event "Copenhagen Obro op"]
[Site "Copenhagen"]
[Date "1989.??.??"]
[Round "7"]
[White "Hutters, Tomas"]
[Black "Sorensen, Bent"]
[Result "1/2-1/2"]
[WhiteElo "2235"]
[BlackElo "2325"]

1.d4 d5 2.Nf3 Nf6 3.c4 e6 4.g3 Be7 5.Bg2 O-O 6.O-O dxc4 7.Qa4 a6 8.Qxc4 b5
9.Qc2 Bb7 10.Bf4 Nd5 11.Nc3 Nxf4 12.gxf4 Ra7 13.Rfd1 Nd7 14.Ne4 Qa8 15.Nc5 Nxc5
16.dxc5 Be4 17.Qc1 Bf6 18.Ne1 Bxg2 19.Nxg2 Qe4 20.e3 Raa8 21.Rd7 Qc6 22.Rd3 Rfd8
23.Ne1 Rd5 24.Rxd5 Qxd5 25.Qc2 Rd8 26.a3 Qd2 27.Rb1 Qxc2 28.Nxc2 a5 29.a4 b4
30.Na1 Bxb2 31.Nb3 Bc3 32.Kf1 Rd5 33.Ke2 Rh5 34.Rd1 g5 35.Rg1  1/2-1/2

[Event "Dieren op"]
[Site "Dieren"]
[Date "1989.??.??"]
[Round "1"]
[White "Vanheste, Jeroen"]
[Black "Kemp, Peter"]
[Result "1-0"]
[WhiteElo "2410"]
[BlackElo "2300"]

1.d4 d5 2.c4 e6 3.Nf3 Nf6 4.g3 Be7 5.Bg2 O-O 6.O-O c6 7.b3 b5 8.Nbd2 Nbd7
9.Qc2 Bb7 10.c5 Qc7 11.Bb2 a5 12.e4 dxe4 13.Nxe4 Nxe4 14.Qxe4 Rad8 15.Qc2 Rfe8
16.Rfe1 Bf6 17.Rad1 g6 18.Nd2 Bg7 19.Ne4 Nf6 20.Nxf6+ Bxf6 21.d5 Bxb2 22.d6 Qd7
23.Qxb2 Rb8 24.h4 Red8 25.h5 Qe8 26.Qd2 Ra8 27.a3 Rd7 28.Bh3 Bc8 29.Qd4 Rd8
30.f4 Qf8 31.Qf6 Bd7 32.Re5 Re8 33.hxg6 hxg6 34.g4 Qg7 35.Qxg7+ Kxg7 36.Rde1 Kf6
37.Kf2 Rh8 38.Kg3 Rhg8 39.Bg2 Rac8 40.Rh1 Rh8 41.Ree1 Rce8 42.Kf3 Ra8 43.Rxh8 Rxh8
44.Rh1 Rxh1 45.g5+ Kg7 46.Bxh1 Kf8 47.Ke4 Kg8 48.Ke5 Kg7 49.Bf3 Kg8 50.Kf6 Kf8
51.Be2 Ke8 52.Kg7 e5 53.fxe5 Be6 54.b4 axb4 55.axb4 Kd7 56.Kf6 Kd8 57.Bf3 Bd5
58.Bxd5 cxd5 59.Kxf7 d4 60.e6  1-0

[Event "Dieren op"]
[Site "Dieren"]
[Date "1989.??.??"]
[Round "4"]
[White "Vanheste, Jeroen"]
[Black "Lee, Graham D"]
[Result "0-1"]
[WhiteElo "2410"]
[BlackElo "2315"]

1.d4 Nf6 2.c4 e6 3.g3 d5 4.Bg2 Be7 5.Nf3 O-O 6.O-O dxc4 7.Ne5 Nc6 8.Nxc6 bxc6
9.Bxc6 Rb8 10.Nc3 Bb7 11.Bxb7 Rxb7 12.Rb1 c5 13.dxc5 Bxc5 14.Qa4 Qc7 15.Bf4 e5
16.Bg5 Nd7 17.Qc2 f6 18.Bd2 Nb6 19.Rbc1 Rd8 20.Ne4 Qc6 21.Ba5 Rc8 22.Nd2 Rbc7
23.e3 Bf8 24.b3 Ba3 25.Rcd1 c3 26.Nc4 Nxc4 27.bxc4 Rb7 28.Qxc3 Qa4 29.Rd8+ Rxd8
30.Bxd8 Bb4 31.Qb2 Rd7 32.a3 Bd6 33.c5 Bxc5 34.Qb8 Kf7 35.Qc8 Bxa3 36.h4 Bb4
37.Qc4+ Kf8 38.Qc8 Kf7 39.Qc4+ Ke8 40.Bc7 Kf8 41.Kh2 a5 42.Bb6 g6 43.Rb1 Rd2
44.Bc5+ Kg7 45.Bxb4 axb4 46.Kg2 Qa8+ 47.e4 Qa7 48.Rf1  0-1

[Event "Edinburgh op"]
[Site "Edinburgh"]
[Date "1989.??.??"]
[Round "?"]
[White "Beaumont, Chris"]
[Black "Dunnington, Angus J"]
[Result "1/2-1/2"]
[WhiteElo "2435"]
[BlackElo "2280"]

1.Nf3 d5 2.c4 e6 3.g3 Nf6 4.Bg2 Be7 5.d4 O-O 6.Qc2 c5 7.O-O cxd4 8.Nxd4 dxc4
9.Qxc4 e5 10.Nb3 Nc6 11.Nc3 Be6 12.Qb5 Qb6 13.Qxb6 axb6 14.Be3 Bxb3 15.axb3 Bc5
16.Bxc5 bxc5 17.Bxc6 bxc6 18.Na4 Ra5 19.Rac1 Rb8 20.Rxc5 Rxc5 21.Nxc5 Rb5
22.Rc1 Kf8 23.Rc4 Ke7 24.b4 Nd5 25.Nd3 Kd6 26.e4 Nc7 27.f4 f6 28.Kf2 Rb8
29.fxe5+ fxe5 30.Rc5 Na6 31.Rc4 Rc8 32.Ke3 Rb8 33.Kd2 Rb6 34.Kc3 Rb8 35.Kb3 Rf8
36.Rc1 Nc7 37.Kc4 Ne6 38.Rd1 Nd4 39.Rd2 Rf3 40.Nxe5 Kxe5 41.Rxd4 Rf2 42.Rd7 Rc2+
43.Kd3 Rxb2 44.Rxg7 Rxh2 45.Rg5+ Kd6 46.Kd4 Rd2+ 47.Kc4 Rc2+ 48.Kd4 Rb2 49.e5+ Ke6
50.Kc5 Rc2+ 51.Kb6 Rc4  1/2-1/2

[Event "Eger op"]
[Site "Eger"]
[Date "1989.??.??"]
[Round "?"]
[White "Buecker, Peter"]
[Black "Stajcic, Nikola"]
[Result "0-1"]
[WhiteElo "2360"]
[BlackElo "2270"]

1.d4 d5 2.Nf3 e6 3.c4 Nf6 4.g3 Be7 5.Bg2 O-O 6.O-O Nbd7 7.Nbd2 c6 8.Qc2 b6
9.e4 Bb7 10.e5 Ne8 11.b3 Rc8 12.Bb2 c5 13.dxc5 Nxc5 14.Rad1 b5 15.cxb5 Qa5
16.Nd4 Na4 17.Nc6 Bxc6 18.bxa4 Bd7 19.Qb3 a6 20.Nf3 axb5 21.axb5 Bxb5 22.Rc1 Bc4
23.Qe3 Nc7 24.Rfd1 Qxa2 25.Bd4 Nb5 26.Ra1 Qb3 27.Qf4 Nc3 28.Bxc3 Qxc3 29.Re1 Qb4
30.Rab1 Qa5 31.Rb7 Qa3 32.h4 h6 33.Rd1 Be2 34.Rdb1 Rc4 35.Nd4 Qd3 36.Nxe2 Rxf4
37.Nxf4 Qc2 38.R7b2 Qc3 39.Rb7 Bc5 40.R7b3 Qxe5 41.Nd3 Qd6 42.Kh2 Bd4 43.Rb4 Bf6
44.Rb6 Qc7 45.Bf3 Bxh4 46.Kg2 Bf6 47.Rb7 Qc4 48.Nf4 Be5 49.R7b4 Qc2 50.Ne2 Rd8
51.Rc1 Qd2 52.Rb5 Bf6 53.Rc7 d4 54.Rbb7 d3 55.Nf4 Bd4 56.Nh3 Qe1  0-1

[Event "ESP-ch"]
[Site "ESP"]
[Date "1989.??.??"]
[Round "3"]
[White "Bofill, Alejandro"]
[Black "Magem Badals, Jorge"]
[Result "1-0"]
[WhiteElo "2375"]
[BlackElo "2425"]

1.c4 e6 2.g3 Nf6 3.Bg2 d5 4.d4 Be7 5.Nf3 O-O 6.O-O c6 7.b3 b6 8.Bb2 Bb7 9.Nc3 Na6
10.Rc1 Rc8 11.Ne5 Rc7 12.e4 Qa8 13.Re1 Rd8 14.exd5 cxd5 15.Nb5 Rcc8 16.Qe2 Bb4
17.Bc3 dxc4 18.Bxb7 Qxb7 19.bxc4 Bxc3 20.Rxc3 Nb8 21.g4 a6 22.g5 Ne8 23.Rf3 axb5
24.Nxf7 Nc7 25.d5 bxc4 26.d6 Rf8 27.dxc7 Rxc7 28.Nh6+ gxh6 29.Rxf8+ Kxf8
30.Qxe6 Qc6 31.Qe5 Kg8 32.gxh6 Qg6+ 33.Kh1 Qc6+ 34.Re4 Rc8 35.f3 Qxh6 36.Rg4+ Kf7
37.Qf5+ Ke7 38.Qxc8 Nd7  1-0

[Event "Espoo op"]
[Site "Espoo"]
[Date "1989.??.??"]
[Round "4"]
[White "Konopka, Michal"]
[Black "Hurme, Harri M"]
[Result "1/2-1/2"]
[WhiteElo "2405"]
[BlackElo "2255"]

1.Nf3 d5 2.d4 Nf6 3.c4 e6 4.g3 Be7 5.Bg2 O-O 6.O-O c6 7.Qc2 Nbd7 8.Nbd2 b5
9.b3 a5 10.e4 a4 11.Bb2 Qa5 12.e5 Ne8 13.c5 f6 14.exf6 Rxf6 15.b4 Qd8 16.Rae1 g6
17.a3 Ng7 18.Re2 h6 19.Rfe1 g5 20.Bh3 Qe8 21.Bxe6+ Nxe6 22.Rxe6 Rxe6 23.Rxe6 Nf6
24.Re1 Ra7 25.Ne5 Rc7 26.Nf1 Bf8 27.Ne3 Bh3 28.f3 h5 29.Bc1 Qe6 30.Qe2 Bg7
31.g4 hxg4 32.fxg4 Ne4 33.Qf3 Bxe5 34.dxe5 Rh7 35.Qf5 Re7 36.Qf3 Rh7 37.Qf5 Re7
38.Bb2 Nd2 39.Re2 Ne4 40.Qf3 Rh7 41.Qf5 Re7 42.Qf3 Rh7 43.Qf5 Re7  1/2-1/2

[Event "FRA-ch"]
[Site "?"]
[Date "1989.??.??"]
[Round "?"]
[White "Bernard, Christophe"]
[Black "Birmingham, Eric"]
[Result "0-1"]
[WhiteElo "2340"]
[BlackElo "2365"]

1.d4 Nf6 2.c4 e6 3.Nf3 d5 4.g3 Be7 5.Bg2 O-O 6.O-O c6 7.Qc2 b6 8.Rd1 Bb7
9.Nbd2 Na6 10.b3 Rc8 11.Bb2 Rc7 12.a3 Qa8 13.b4 c5 14.dxc5 bxc5 15.b5 Nb8
16.Be5 Rcc8 17.a4 Nbd7 18.a5 Nxe5 19.Nxe5 Qb8 20.Ndf3 Bd6 21.Nd3 dxc4 22.Qxc4 Bd5
23.Qa4 Ne4 24.Rac1 c4 25.Nb4 Nc5 26.Qc2 Nd3 27.Nxd5 Nxc1 28.Ng5 Nd3 29.exd3 h6
30.Ne3 hxg5 31.Nxc4 Rfd8 32.a6 Bc5 33.Bc6 Rd4 34.Qe2 Qc7 35.Ne5 Qe7 36.Nf3 Rb4
37.d4 Bb6 38.d5 g4 39.Ne5 exd5 40.Bxd5 Re8 41.Qd2 Qxe5 42.Qxb4 Bxf2+ 43.Kh1 Qe2
44.Qb3 Bb6 45.Bxf7+ Kf8 46.h4 Re3 47.Qd5 Qf2 48.Qa8+ Kxf7 49.Rd7+ Kg6 50.h5+ Kh7
51.Rxg7+ Kxg7 52.h6+ Kf7 53.Qg8+ Kxg8 54.h7+ Kf7  0-1

[Event "FRA-chT"]
[Site "?"]
[Date "1989.??.??"]
[Round "?"]
[White "Trommsdorf, Fro"]
[Black "Capaces, Francois"]
[Result "1-0"]
[WhiteElo "2110"]
[BlackElo "2000"]

1.d4 Nf6 2.Nf3 e6 3.c4 d5 4.g3 Be7 5.Bg2 O-O 6.O-O c6 7.cxd5 exd5 8.Nc3 Nbd7
9.Bf4 Re8 10.Qb3 Nb6 11.Ne5 Be6 12.Rfd1 Nh5 13.Nd3 Nxf4 14.Nxf4 Bf6 15.Nxe6 Rxe6
16.Rac1 Qe8 17.e3 g6 18.Ne2 Re7 19.Nf4 Bg5 20.Nd3 Nc4 21.Ne5 Nd6 22.Qa3 Nb5
23.Qd3 Bf6 24.Nf3 Bg7 25.a4 Nd6 26.a5 a6 27.Nd2 Qd8 28.Qa3 f5 29.Bf1 h6 30.Nb3 Bf8
31.Qa2 Kh7 32.Nc5 Ne4 33.b4 Rf7 34.Bd3 Bxc5 35.bxc5 Qg5 36.Qb1 h5 37.h4 Qg4
38.Rc2 Nxg3 39.fxg3 Qxg3+ 40.Kf1 Qxe3 41.Re2 Qh3+ 42.Kg1 Qg4+ 43.Kf1 Qh3+
44.Kg1 Qg4+ 45.Kf1 Qf4+ 46.Kg2 Qxh4 47.Rde1 Qg4+ 48.Kf1 Qxd4 49.Qc2 Raf8
50.Re6 Qf4+ 51.Ke2 Qh2+ 52.Kd1 Qxc2+ 53.Kxc2 Rf6 54.Rxf6 Rxf6 55.Re7+ Kh6
56.Rxb7 h4 57.Bxa6 Re6 58.Rb8 Kg7 59.Rb7+ Kf6 60.Rb8 Re3 61.Bd3 Re1 62.Rb1 Re8
63.a6 Ra8 64.Kc3 g5 65.Rf1 f4 66.Kb4 Ke5 67.Rd1 Rb8+ 68.Ka5 Kd4 69.Bb5+ Kxc5
70.Rc1+ Kd6 71.Bxc6 h3 72.Bb7 f3 73.a7 Re8 74.Bc8  1-0

[Event "FRA-chT"]
[Site "?"]
[Date "1989.??.??"]
[Round "?"]
[White "Bernard, Christophe"]
[Black "Ghafari, R."]
[Result "1-0"]
[WhiteElo "2320"]
[BlackElo "2285"]

1.d4 d5 2.c4 e6 3.Nf3 Nf6 4.g3 Be7 5.Bg2 O-O 6.O-O dxc4 7.Qc2 a6 8.Qxc4 b5
9.Qc2 Bb7 10.Bg5 Nbd7 11.Nbd2 Rc8 12.Bxf6 Nxf6 13.Nb3 Be4 14.Qc1 c5 15.dxc5 Qc7
16.Rd1 Bxc5 17.Nxc5 Qxc5 18.Qxc5 Rxc5 19.Rac1 Rcc8 20.Ne5 Bxg2 21.Kxg2 g6
22.Kf3 Rfe8 23.e4 Kf8 24.Rxc8 Rxc8 25.Rd6 Rc5 26.Nd3 Rc4 27.e5 Nd5 28.Rxa6 Kg7
29.Ra7 g5 30.h3 h5 31.Rb7 g4+ 32.hxg4 hxg4+ 33.Ke2 b4 34.Kd2 Rd4 35.Rb8 Kg6
36.Rg8+ Kf5 37.Rg7 f6 38.exf6 Nxf6 39.Rf7 e5 40.Kc2 Ke6 41.Rg7 Nd5 42.Rg8 Rc4+
43.Kd2 Rd4 44.Re8+ Kf6 45.Kc2 Nc7 46.Rc8 Nd5 47.Rf8+ Ke7 48.Rf5 e4 49.Nf4 Nf6
50.Re5+ Kd7 51.Ne6 Rd6 52.Nc5+ Kc7 53.Nxe4 Rc6+ 54.Kb3  1-0

[Event "FRA-chT"]
[Site "?"]
[Date "1989.??.??"]
[Round "?"]
[White "Flear, Christine"]
[Black "Dezan, Pierre"]
[Result "1/2-1/2"]
[WhiteElo "2170"]
[BlackElo "2240"]

1.d4 Nf6 2.c4 e6 3.g3 d5 4.Bg2 Be7 5.Nf3 O-O 6.O-O dxc4 7.Qc2 a6 8.Qxc4 b5
9.Qc2 Bb7 10.Bf4 Nc6 11.Rd1 Nb4 12.Qc1 Qc8 13.Nbd2 c5 14.dxc5 Qxc5 15.Qxc5 Bxc5
16.Nb3 Be7 17.Na5 Bd5 18.Ne5 Rfc8 19.a3 Bxg2 20.Kxg2 Nbd5 21.Nac6 Bf8 22.Rac1 h6
23.Bd2 Nb6 24.Ba5 Nbd5 25.Rc2 Re8 26.Rdc1 h5 27.Kf3 Nh7 28.h4 f5 29.Ng6 Nhf6
30.Nce5 Ng4 31.Nd7 Be7 32.Rc6 Bf6 33.Nxf6+ gxf6 34.Kg2 Kf7 35.Nf4 Ne5 36.R6c2 Nxf4+
37.gxf4 Ng6 38.Rc7+ Re7 39.Kg3 e5 40.fxe5 fxe5 41.Bb4 f4+ 42.Kf3 e4+ 43.Kg2 Rxc7
44.Rxc7+ Ke6 45.Kh3 Ne5 46.Re7+ Kf6 47.Rh7 Kg6 48.Rb7 f3 49.exf3 exf3 50.Bc3 Nd3
51.Kg3 Rf8 52.Rg7+ Kh6 53.Rd7 Nc5 54.Bg7+ Kg6 55.Bxf8 Nxd7 56.Bd6 Kf5 57.Kxf3 Nb6
58.Bc5 Nc4 59.Bd4 Nd2+ 60.Ke2 Ne4 61.Ke3 Nd6 62.f3 Nc4+ 63.Ke2 Kf4 64.Kf2 Kf5
65.Kg3 Nd2 66.Kf2 Nc4 67.Bg7 Kf4 68.Bh6+ Kf5 69.Bc1 Ne5 70.Ke2 Ng6 71.Bg5 Ne5
72.b3 Nc6 73.Kd3 Ne5+ 74.Ke3 Nc6  1/2-1/2

[Event "Frunze"]
[Site "Frunze"]
[Date "1989.??.??"]
[Round "?"]
[White "Andonov, Bogomil"]
[Black "Diaz, Joaquin C"]
[Result "0-1"]
[WhiteElo "2380"]
[BlackElo "2415"]

1.Nf3 d5 2.c4 e6 3.g3 Nf6 4.Bg2 Be7 5.d4 O-O 6.Qc2 c5 7.dxc5 dxc4 8.Qxc4 Nc6
9.Bf4 Nd5 10.O-O Nxf4 11.gxf4 Qa5 12.Rc1 Bd7 13.a3 Rac8 14.b4 Qc7 15.Nc3 b6
16.cxb6 axb6 17.Qe4 Rfd8 18.Ne5 Nxe5 19.fxe5 Qb8 20.Na2 Bg5 21.f4 Bh6 22.Qe3 f6
23.Rxc8 Bxc8 24.exf6 Bxf4 25.f7+ Kxf7 26.Rf1 Rd1 27.Qf2 Rxf1+ 28.Bxf1 Qe5
29.Qf3 Ke7 30.h3 Ba6 31.Kh1 Be3 32.Qg4 Bb7+  0-1

[Event "Frunze op"]
[Site "Frunze"]
[Date "1989.??.??"]
[Round "?"]
[White "Kengis, Edvins"]
[Black "Ambarcumjan, Armen"]
[Result "1/2-1/2"]
[WhiteElo "2465"]
[BlackElo "2350"]

1.d4 Nf6 2.Nf3 e6 3.g3 d5 4.Bg2 Be7 5.c4 O-O 6.Qc2 c5 7.O-O cxd4 8.Nxd4 Nc6
9.Nxc6 bxc6 10.b3 a5 11.Bb2 a4 12.Nd2 Qb6 13.Rab1 axb3 14.axb3 Bb7 15.Nf3 c5
16.cxd5 exd5  1/2-1/2

[Event "Frunze"]
[Site "Frunze"]
[Date "1989.??.??"]
[Round "?"]
[White "Andonov, Bogomil"]
[Black "Moldobaev, Emil"]
[Result "1/2-1/2"]
[WhiteElo "2380"]
[BlackElo "2360"]

1.Nf3 Nf6 2.c4 e6 3.g3 d5 4.Bg2 Be7 5.d4 O-O 6.Qc2 c6 7.Nbd2 Nbd7 8.O-O b6
9.b3 Bb7 10.Bb2 Rc8 11.e4 Qc7 12.Rfe1 Rfd8 13.Rac1 Qb8 14.Qb1 Qa8 15.e5 Ne8
16.cxd5 cxd5 17.Bf1 Nb8 18.Rxc8 Rxc8 19.Rc1 Ba6 20.Rxc8 Bxc8 21.Qc1 Qc6 22.Nb1 Qxc1
23.Bxc1 Ba6 24.Ba3  1/2-1/2

[Event "Troll Masters"]
[Site "Gausdal"]
[Date "1989.??.??"]
[Round "?"]
[White "Ostenstad, Berge"]
[Black "Muir, Andrew J"]
[Result "1-0"]
[WhiteElo "2410"]
[BlackElo "2240"]

1.c4 e6 2.d4 d5 3.Nf3 Nf6 4.g3 Be7 5.Bg2 O-O 6.O-O dxc4 7.Qc2 a6 8.Qxc4 b5
9.Qc2 Bb7 10.Bf4 Nc6 11.Nc3 Nb4 12.Qd2 c5 13.Rfd1 Qb6 14.Be3 Rac8 15.dxc5 Bxc5
16.Bxc5 Rxc5 17.Qd6 Qxd6 18.Rxd6 Nbd5 19.Nxd5 Nxd5 20.Nd4 Rfc8 21.e4 Nf6
22.f3 Kf8 23.Nb3 R5c6 24.Rxc6 Bxc6 25.Rc1 Ke7 26.e5 Nd7 27.f4 Nb8 28.Nd4 Bb7
29.Rxc8 Bxc8 30.b4 Kd7 31.Kf2 Kc7 32.Be4 h6 33.Bh7 Kd8 34.Be4 Kc7 35.Bh7 Kd8
36.Bd3 Bb7 37.Ke3 Bd5 38.a3 f6 39.exf6 gxf6 40.Be4 Bxe4 41.Kxe4 Ke7 42.f5 e5
43.Ne6 Nd7 44.Nc7 Nb6 45.Nxa6 Kd6 46.Nc5 Nc4 47.a4 bxa4 48.Nxa4 Nd2+ 49.Kd3 Nf1
50.Nc3 Nxh2 51.Ne4+ Ke7 52.b5 Nf3 53.b6 Kd7 54.Nc5+ Kc6 55.b7 Kc7 56.Ke4 Nh2
57.Nd7 Kxb7 58.Nxf6 Nf1 59.Nh5 Kc6 60.Kxe5 Kd7 61.Kf6 Ke8 62.Kg7 Ne3 63.f6 Nf5+
64.Kg8 Nd6 65.Ng7+ Kd7 66.f7  1-0

[Event "Bundesliga 8889"]
[Site "Germany"]
[Date "1989.??.??"]
[Round "?"]
[White "Schlosser, Philipp"]
[Black "Braun, Michael"]
[Result "1-0"]
[WhiteElo "2385"]
[BlackElo "2325"]

1.d4 d5 2.c4 e6 3.Nf3 Nf6 4.g3 Be7 5.Bg2 O-O 6.O-O dxc4 7.Qc2 a6 8.Qxc4 b5
9.Qc2 Bb7 10.Bg5 Nbd7 11.Nbd2 Rc8 12.Bxf6 Nxf6 13.Nb3 c5 14.dxc5 a5 15.a4 Be4
16.Qc3 b4 17.Qe3 Qd5 18.Rfd1 Qh5 19.Rac1 Bd5 20.Nbd4 Ng4 21.Qf4 Bxf3 22.Nxf3 Bxc5
23.e3 Nf6 24.Qe5 Qxe5 25.Nxe5 Bb6 26.Bf3 Rc5 27.Rxc5 Bxc5 28.Nc4 b3 29.Nxa5 Rb8
30.Rd3 e5 31.Rxb3  1-0

[Event "BL2-W8889"]
[Site "Germany"]
[Date "1989.??.??"]
[Round "?"]
[White "Wiemer, Ralf"]
[Black "Blaskowski, Johannes"]
[Result "1/2-1/2"]
[WhiteElo "2300"]
[BlackElo "2260"]

1.Nf3 d5 2.c4 e6 3.d4 Nf6 4.g3 Be7 5.Bg2 O-O 6.O-O c6 7.Qc2 Nbd7 8.Nbd2 b5
9.b3 bxc4 10.bxc4 Ba6 11.Re1 c5 12.Qa4 Qc8 13.Ba3 Nb6 14.Qa5 Nxc4 15.Nxc4 Bxc4
16.Nd2 Qa6 17.Nxc4 Qxc4 18.Bxc5 Bxc5 19.dxc5 Rfb8 20.Rac1 Qb5 21.Qxb5 Rxb5
22.e4 dxe4 23.Bxe4 Rc8 24.c6 Kf8 25.Bf3 Nd5 26.Rb1  1/2-1/2